Dust cloud (Record no. 78776)
[ view plain ]
| 000 -LEADER | |
|---|---|
| fixed length control field | 01244cab a22002535a 4500 |
| 001 - CONTROL NUMBER | |
| control field | L138038 |
| 008 - FIXED-LENGTH DATA ELEMENTS--GENERAL INFORMATION | |
| fixed length control field | 070514e20070503xxk f g 000 0 eng d |
| 035 ## - SYSTEM CONTROL NUMBER | |
| System control number | (Sirsi) u138038 |
| 041 0# - LANGUAGE CODE | |
| Language code of text/sound track or separate title | eng |
| 100 1# - MAIN ENTRY--PERSONAL NAME | |
| Personal name | Robins, Jon |
| 245 00 - TITLE STATEMENT | |
| Title | Dust cloud |
| 260 ## - PUBLICATION, DISTRIBUTION, ETC. | |
| Date of publication, distribution, etc. | 2007 |
| 490 #0 - SERIES STATEMENT | |
| Series statement | Law Society's Gazette |
| Volume/sequential designation | 104(18) 3 May 2007, 22-24(3) |
| 520 ## - SUMMARY, ETC. | |
| Summary, etc. | Discusses the current situation with mesothelioma claims. Notes the impact of "Fairchild v Glenhaven" ([2001] EWCA Civ 1881, Abs65719) and the Compensation Act 2006, which provides that negligent employers should be jointly and severally liable so claimants can recover full compensation from any employer. Also looks at proposals to provide faster compensation to people diagnosed with mesothelioma, concern over plans to introduce a pre-action protocol, and the experiences of lawyers working for mesothelioma victims. |
| 590 ## - LOCAL NOTE (RLIN) | |
| Local note | KA |
| 650 24 - SUBJECT ADDED ENTRY--TOPICAL TERM | |
| Topical term or geographic name entry element | MESOTHELIOMA |
| 650 24 - SUBJECT ADDED ENTRY--TOPICAL TERM | |
| Topical term or geographic name entry element | COMPENSATION ACT 2006 |
| 650 24 - SUBJECT ADDED ENTRY--TOPICAL TERM | |
| Topical term or geographic name entry element | BARKER V SAINT GOBAIN PIPELINES PLC |
| 650 24 - SUBJECT ADDED ENTRY--TOPICAL TERM | |
| Topical term or geographic name entry element | SMITH V CENTRAL ASBESTOS CO LTD |
| 650 24 - SUBJECT ADDED ENTRY--TOPICAL TERM | |
| Topical term or geographic name entry element | FAIRCHILD V GLENHAVEN FUNERAL SERVICES LTD AND OTHERS |
| 651 #4 - SUBJECT ADDED ENTRY--GEOGRAPHIC NAME | |
| Geographic name | United Kingdom |
| Chronological subdivision | |
| 690 ## - LOCAL SUBJECT ADDED ENTRY--TOPICAL TERM (OCLC, RLIN) | |
| Topical term or geographic name as entry element | MANAGEMENT-HEALTH AND SAFETY-HAZARDOUS SUBSTANCES-ASBESTOS |
| 942 ## - ADDED ENTRY ELEMENTS (KOHA) | |
| Suppress in OPAC | 0 |
| Withdrawn status | Lost status | Source of classification or shelving scheme | Damaged status | Not for loan | Home library | Current library | Shelving location | Date acquired | Total Checkouts | Full call number | Barcode | Date last seen | Copy number | Price effective from | Koha item type |
|---|---|---|---|---|---|---|---|---|---|---|---|---|---|---|---|
| Dewey Decimal Classification | London | London | Journal article | 14/05/2007 | L138038 | 138038-1001 | 06/08/2019 | 1 | 06/08/2019 | Journal article |